000 00563nam a2200181Ia 4500
005 20250508152538.0
008 008 250505s9999 xx 000 0 eng d
037 _aTextual
040 _aFEDL
_beng
_cFEDL
041 _aeng
_2eng
084 _a658, DAV
_qFEDL
100 _aDavar Sohrab R
245 0 _aBusiness organization including industrial organization and secretarial practice
260 _aBombay, India
_bThe Progressive Corporation Private Ltd.
_c1960
300 _axxiv,853p
942 _cTEXL
_h658, DAV
999 _c1337138
_d1337138